<?xml version="1.0" encoding="UTF-8"?>
<record
    xmlns:xsi="http://www.w3.org/2001/XMLSchema-instance"
    xsi:schemaLocation="http://www.loc.gov/MARC21/slim http://www.loc.gov/standards/marcxml/schema/MARC21slim.xsd"
    xmlns="http://www.loc.gov/MARC21/slim">

  <leader>04886nam a2200421 a 4500</leader>
  <controlfield tag="001">dia_3763</controlfield>
  <controlfield tag="003">CHAP</controlfield>
  <controlfield tag="005">20250814132832.0</controlfield>
  <controlfield tag="007">ta</controlfield>
  <controlfield tag="008">220117s1999    mx ad  frm    001 0 spa d</controlfield>
  <datafield tag="010" ind1=" " ind2=" ">
    <subfield code="a">174355</subfield>
  </datafield>
  <datafield tag="040" ind1=" " ind2=" ">
    <subfield code="c">CHAP</subfield>
    <subfield code="a">mxchpua</subfield>
  </datafield>
  <datafield tag="041" ind1="0" ind2=" ">
    <subfield code="a">spa</subfield>
    <subfield code="b">eng</subfield>
  </datafield>
  <datafield tag="090" ind1=" " ind2=" ">
    <subfield code="a">Tesis</subfield>
    <subfield code="b">A38</subfield>
    <subfield code="c">1999</subfield>
  </datafield>
  <datafield tag="100" ind1="1" ind2=" ">
    <subfield code="a">Aguado Avalos, Ramiro</subfield>
  </datafield>
  <datafield tag="245" ind1="1" ind2="0">
    <subfield code="a">Elaboraci&#xF3;n de queso asadero con leche pasteurizada y maduraci&#xF3;n indirecta /</subfield>
    <subfield code="c">Ramiro Aguado Avalos</subfield>
  </datafield>
  <datafield tag="264" ind1=" " ind2=" ">
    <subfield code="a">Chapingo, M&#xE9;xico :</subfield>
    <subfield code="b">El autor,</subfield>
    <subfield code="c">1999</subfield>
  </datafield>
  <datafield tag="300" ind1=" " ind2=" ">
    <subfield code="a">vi, 64 hojas :</subfield>
    <subfield code="b">ilustraciones, tablas, gr&#xE1;ficas</subfield>
  </datafield>
  <datafield tag="336" ind1=" " ind2=" ">
    <subfield code="2">rdacontent</subfield>
    <subfield code="a">texto</subfield>
    <subfield code="b">txt</subfield>
  </datafield>
  <datafield tag="337" ind1=" " ind2=" ">
    <subfield code="2">rdamedia</subfield>
    <subfield code="a">no mediado</subfield>
    <subfield code="b">n</subfield>
  </datafield>
  <datafield tag="338" ind1=" " ind2=" ">
    <subfield code="2">rdacarrier</subfield>
    <subfield code="a">volumen</subfield>
    <subfield code="b">nc</subfield>
  </datafield>
  <datafield tag="502" ind1=" " ind2=" ">
    <subfield code="a">Tesis</subfield>
    <subfield code="b">(Ingeniero Agroindustrial) --</subfield>
    <subfield code="c">UACh. Departamento de Ingenier&#xED;a Agroindustrial,</subfield>
    <subfield code="d">1999</subfield>
  </datafield>
  <datafield tag="504" ind1=" " ind2=" ">
    <subfield code="a">Bibliograf&#xED;a: hojas 46-47</subfield>
  </datafield>
  <datafield tag="520" ind1="3" ind2=" ">
    <subfield code="a">El presente trabajo de investigaci&#xF3;n se enfoc&#xF3; al estudio del queso asadero elaborado con leche pasteurizada y cultivos l&#xE1;cticos de inoculaci&#xF3;n directa con la finalidad de obtener un producto con caracteristicas nutricionales y sensoriales como las que se tienen al elaborarlo con leche cruda. Para esto, se compararon las caracteristicas fisicoqu&#xED;micas y sensoriales del queso asadero elaborado con leche cruda con quesos elaborados con leche pasteurizada e inoculada con diferentes combinaciones de microorganismos. Los microorganismos utilizados fueron Streptococcus lactis (Lactococcus lactis ss lactis en la nomenclatura actual),Streptococcus cremoris (Lactococcus lactis ss cremoris),Streptococcus diacetilactis (Lactococcus lactis ss lactis) y Streptococcus thermophilus (Streptococcus salivarius ss thermophilus) en las siguientes combinaciones o tratamientos: S. lactis, S. cremoris y S. diacetilactis (Tratamiento 2);S. lactis y S. cremoris (Tratamiento 3)y S. lactis, S. cremoris, S. diacetilactis y S. thermophilus (Tratamiento 4);siendo el Tratamiento 1 los quesos elaborados con leche cruda. Al producto final de cada tratamiento se le realizaron determinaciones de humedad, proteina, grasa, cenizas, acidez y prueba de fundido. Los resultados mostraron que en el queso asadero elaborado con leche pasteurizada no hubo diferencias en las caracter&#xED;sticas fisicoquimicas en ninguno de los tres tratamientos con respecto al elaborado con leche cruda. Tambi&#xE9;n se realiz&#xF3; una evaluaci&#xF3;n sensorial que consisti6 en una prueba de Diferencia Contra Testigo, en dicha prueba se encontr&#xF3; que los tratamientos 3 y 4 presentaron caracteristicas sensoriales muy parecidas al queso elaborado con leche cruda.</subfield>
  </datafield>
  <datafield tag="520" ind1="3" ind2=" ">
    <subfield code="a">The study on the production of asadero cheese with pasteurized milk and lactic cultures of direct inoculation was done in order to obtain a product with nutritional and sensorial characteristics like those of the cheese made with raw milk The phisycal chemical and sensorial characteristics of the asadero cheese elaborated with raw milk were compared with those of the cheese elaborated with pasteurizad milk and inoculated with diferent combinations of microorganisms. The microorganisms utilized were: Streptococcus lactis (Lactococcus lactis ss lactis in the present nomenclature),Streptococcus cremoris(Lactococcus lactis ss cremoris),
Streptococcus diacetilactis (Lactococcus lactis ss lactis) and Streptococcus thermophiles (Streptococcus salivarius ss thermophilus) in the following combinations or treatments: S. lactis, S. cremoris and S. diacetilactis (Treatment 2); S. lactis and S. cremoris (Treatment 3) and S. lactis, S. cremoris, S. diacetilactis and S. thermophilus (Treatment 4); being the treatment 1 the elaborated cheese with raw milk. On the final product of each treatment determinations of humidity, protein, fat, ashes, acidity and melting test were done. Results showed that in the asadero cheese elaborated with pasteurized milk has no difference on the physical chemical characteristics, in no one of the treatments in comparison to the cheese elaborated with raw milk. An sensorial evaluation was also carried out in it consisted of the test of difference against witness; in this test it was found that the treatment 3 and 4 presented sensorial characteristics very similar to those of the cheese elaborated with raw milk</subfield>
  </datafield>
  <datafield tag="650" ind1="1" ind2="3">
    <subfield code="a">Maduraci&#xF3;n del queso  </subfield>
    <subfield code="2">atg</subfield>
  </datafield>
  <datafield tag="650" ind1="1" ind2="3">
    <subfield code="a">Quesos</subfield>
    <subfield code="x">Leche pasteurizada </subfield>
    <subfield code="2">atg</subfield>
  </datafield>
  <datafield tag="650" ind1="1" ind2="3">
    <subfield code="a">Cheese ripening  </subfield>
    <subfield code="2">atg</subfield>
  </datafield>
  <datafield tag="650" ind1="1" ind2="3">
    <subfield code="a">Cheeses</subfield>
    <subfield code="x">Pasteurized milk  </subfield>
    <subfield code="2">atg</subfield>
  </datafield>
  <datafield tag="700" ind1="1" ind2=" ">
    <subfield code="a">Santos Moreno, Armando</subfield>
    <subfield code="e">director</subfield>
  </datafield>
  <datafield tag="700" ind1="1" ind2=" ">
    <subfield code="a">C&#xF3;rdoba &#xC1;ngeles, Rosa Mar&#xED;a</subfield>
    <subfield code="e">asesora</subfield>
  </datafield>
  <datafield tag="700" ind1="1" ind2=" ">
    <subfield code="a">Villegas de Gante, Abraham Zacarias</subfield>
    <subfield code="e">asesor</subfield>
  </datafield>
  <datafield tag="856" ind1="4" ind2="1">
    <subfield code="u">http://10.13.5.2/tesis/1999_Aguado_Avalos_Ramiro_Tesis (2).pdf</subfield>
    <subfield code="y">DESCARGAR PDF</subfield>
  </datafield>
  <datafield tag="901" ind1=" " ind2=" ">
    <subfield code="a">TESIS A38 1999</subfield>
  </datafield>
  <datafield tag="902" ind1=" " ind2=" ">
    <subfield code="a">M</subfield>
  </datafield>
  <datafield tag="905" ind1=" " ind2=" ">
    <subfield code="a">5232271999                          mx nm  8223123312spa16</subfield>
  </datafield>
  <datafield tag="942" ind1=" " ind2=" ">
    <subfield code="c">TESIS</subfield>
    <subfield code="2">Clasificaci&#xF3;n Universidad Aut&#xF3;noma Chapingo</subfield>
  </datafield>
  <datafield tag="999" ind1=" " ind2=" ">
    <subfield code="c">174355</subfield>
    <subfield code="d">174355</subfield>
  </datafield>
  <datafield tag="952" ind1=" " ind2=" ">
    <subfield code="0">0</subfield>
    <subfield code="1">0</subfield>
    <subfield code="2">local</subfield>
    <subfield code="4">0</subfield>
    <subfield code="5">5</subfield>
    <subfield code="7">0</subfield>
    <subfield code="8">TESIS</subfield>
    <subfield code="a">IA_</subfield>
    <subfield code="b">IA_</subfield>
    <subfield code="d">2022-01-18</subfield>
    <subfield code="e">El autor</subfield>
    <subfield code="l">0</subfield>
    <subfield code="o">Tesis A38 1999</subfield>
    <subfield code="p">1101009497</subfield>
    <subfield code="r">2026-02-02 00:00:00</subfield>
    <subfield code="t">Ej.2</subfield>
    <subfield code="w">2022-01-18</subfield>
    <subfield code="y">TESIS</subfield>
  </datafield>
  <datafield tag="952" ind1=" " ind2=" ">
    <subfield code="0">0</subfield>
    <subfield code="1">0</subfield>
    <subfield code="2">local</subfield>
    <subfield code="4">0</subfield>
    <subfield code="5">1</subfield>
    <subfield code="7">0</subfield>
    <subfield code="8">TESIS</subfield>
    <subfield code="a">IA_</subfield>
    <subfield code="b">IA_</subfield>
    <subfield code="d">2022-01-18</subfield>
    <subfield code="e">El autor</subfield>
    <subfield code="l">0</subfield>
    <subfield code="o">Tesis A38 1999</subfield>
    <subfield code="p">1101009496</subfield>
    <subfield code="r">2026-02-02 00:00:00</subfield>
    <subfield code="t">Ej.1</subfield>
    <subfield code="w">2022-01-18</subfield>
    <subfield code="y">TESIS</subfield>
  </datafield>
</record>
